000 00450nmm a2200145Ia 4500
008 251105s9999||||xx |||||||||||||||||und||
041 _aspa
100 _aTroncoso, Carmen
245 0 _aChile • Croacia 2024. Antología poética bilingüe
264 _a[Santiago de Chile, Chile] :
_bRil editores,
_c2024
300 _a224 páginas
650 _aLatin American poetry
856 _uhttps://public.digitaliapublishing.com/a/172307
942 _cCF
999 _c106923
_d106923